000 00814nam a2200253 i 4500
001 102623
003 ES-MaACL
005 20231226160805.0
007 t|
008 051123s1981 pr ||||1| spa d
020 _a0-940238-44-6
080 _a821.134.2(729.1) Martí, José 1.06
100 1 _aVitier, Cintio.
_9115513
245 1 0 _aTemas martianos /
_cCintio Vitier, Fina García Marruz.
250 _a2ª ed.
260 _aRíos Piedras :
_bHuracán,
_c1981.
300 _a352 p. ;
_c20 cm.
490 1 _aLa nave y el puerto. Ensayo/crítica
600 1 4 _aMartí, José,
_d1853-1895-
_xCrítica e interpretación
_977188
700 1 _aGarcía Marruz, Fina.
_954895
830 0 _aLa nave y el puerto. Ensayo/crítica
_9232526
852 _aES-MaACL
_jE-11145
_bR.136727
999 _c102623
_d102623